000
00326nam a2200145Ia 4500
008
230718s9999 xx 000 0 und d
041
_a
Eng.
082
_a
400
_b
JHO-
100
_a
Jhon M.
245
0
_a
Financial Management
260
_a
Pakistan
_b
Pears medication
_c
2004
300
_a
765
650
_a
Law
999
_c
27347
_d
27347